00569nam a2200181 a 450000100100000000500170001000800410002702000150006804000250008308200170010810000290012524500380015426000460019230000310023850400310026965000380030065000490033800001744420200929165120.0100324s1995 cu g 000 0 spa d a9591002114 aDO-SdBNPbspacBNPHU a782.43bO74b1 aOrovio, Heliod1938-200813aEl bolero latino /cHelio Orovio. aLa Habana, Cuba :bLetras Cubanas,c1995. a117 p. :bmús. ;c19 cm. aBibliografías : p. 59-60 4aRomanticismo en la músicazCuba 4aMúsica popularxHistoria y críticazCuba